| 000 | 00584nam a2200253Ia 4500 | ||
|---|---|---|---|
| 003 | OSt | ||
| 005 | 20220912152855.0 | ||
| 006 | a|||||r|||| 00| 0 | ||
| 007 | ta | ||
| 008 | 220909b |||||||| |||| 00| 0 eng d | ||
| 024 | _a33562 | ||
| 037 | _cTextual | ||
| 040 |
_aCSL _beng _cCSL |
||
| 041 | _aeng | ||
| 082 | _aY22z7, L9 | ||
| 100 | _aStinnett Nick | ||
| 245 | 0 | _aBuilding family strengths | |
| 260 | _c1979 | ||
| 300 |
_ap. _ccm. |
||
| 650 | _a Sociology | ||
| 650 | _aFamily | ||
| 942 |
_hY22z7, L9 _cTEXL _2CC |
||
| 999 |
_c92561 _d92561 |
||